00902nam a2200253 a 450000100100000000500170001000800410002702000180006804000250008608200170011110000380012824500970016626000510026330000280031449000270034265000290036965000300039870000190042870000280044783000320047504900090050795201150051699900170063100002518320200930023619.0110211s2008 dr a 000 0 spa d a9789945406689 aDO-SdBNPbspacBNPHU a843.7bD886c1 aDumas, Alejandrod1802-18709182713aEl conde de montecristo /cAlejandro Dumas ; versión Montse V. ; ilustración A. Centeno. aSanto Domingo :bTobogan,c2008.fAlfa y Omega a143 p. :bil. ;c24 cm.1 aClásicos Universales 4aCuentos franceses913634 4aLiteratura francesa910741 aMontse V.92611 aCenteno, A.eil.915182 0aClásicos Universales9266 aBNPD 0010718PDaPDbPDcHDd2011-02-11iLF1l0o843.7 D886cp25183-10r2020-06-25w2020-06-25yLFPDZNo se presta c24676d24676